| 000 | 00619nam a2200205Ia 4500 | ||
|---|---|---|---|
| 003 | GCL | ||
| 008 | 140319s9999 xx 000 0 ara d | ||
| 040 |
_aGCL / _cGCL |
||
| 082 | 0 | 4 |
_a346.07 _bع ق |
| 100 | 1 | _aعلى البارودى | |
| 245 | 1 | 0 |
_aالقانون التجارى القطاع العام_ المنشأة التجارية / _cعلى البارودى |
| 260 |
_a[S.N] : _bمنشاة المعارف ، _c1986 |
||
| 300 | _a130 ص | ||
| 490 | _a | ||
| 650 | 0 | 4 | _aالقانون |
| 650 | 0 | 4 | _aمصر |
| 650 | 0 | 4 | _aالقطاع العام |
| 650 | 0 | 4 | _aالقانون التجارى |
| 942 |
_2ddc _cBK |
||
| 999 |
_c27696 _d27696 |
||